Drogy v našom živote

Bibliographic Details
Main Authors: Bočáková, Oľga, 1955- (Author), Holendová, Renáta (Author)
Format: Book
Language:Slovak
PhysicalDescription:109 s. sch., tab. 21 cm
Published: Trenčín Trenčianska univerzita Alexandra Dubčeka 2008
ISBN:9788080752606
Edition:[1. vyd.]
Subjects:

MARC

LEADER 00000nam a2200000 a 4500
001 vtls009296444
003 SK-MaSNL
005 20260302005712.0
008 240315s2008 xo l g 000 0 slo
015 |a SNBA2008/06-02612 
020 |a 9788080752606  |q (brož.) 
035 |a 401A8490-8564-4B47-834A-D0F85B9D8F50 
035 |a urn:nbn:sk:snk-amkz2z 
035 |a urn:nbn:sk:snk-am008pfz 
040 |a SNK  |b slo  |c SNK  |e AACR2 
041 0 |a slo 
044 |a xo  |c SK 
072 7 |a 364  |x Sociálne problémy vyžadujúce podporu a pomoc. Sociálne zabezpečenie  |2 konspekt 
072 7 |a 613  |x Hygiena. Ľudské zdravie  |2 konspekt 
080 |a 613.81/.84  |2 2001 
080 |a 364.692:615.015.6  |2 2001 
080 |a 316.344.6-056.83  |2 2001 
080 |a 364.692-212  |2 2001 
080 |a 351.761.3  |2 2001 
080 |a (048.8)  |2 2001 
100 1 |a Bočáková, Oľga,  |d 1955-  |4 aut  |9 219414 
245 1 0 |a Drogy v našom živote  |c Oľga Bočáková, Renáta Holendová 
250 |a [1. vyd.] 
260 |a Trenčín  |b Trenčianska univerzita Alexandra Dubčeka  |c 2008 
300 |a 109 s.  |b sch., tab.  |c 21 cm 
504 |a Bibliogr. s. 106-109 
650 0 7 |a drogy  |2 SNKPH  |9 1552 
650 0 7 |a Drugs of abuse  |2 SNKPHeng  |9 324886 
650 0 7 |a Drug dependence  |2 SNKPHeng  |9 266453 
650 0 7 |a drogová závislosť  |2 SNKPH  |9 1551 
650 0 7 |a alkoholici  |2 SNKPH  |9 4881 
650 0 7 |a Alkoholics  |2 SNKPHeng  |9 537530 
650 0 7 |a drogová prevencia  |2 SNKPH  |9 1549 
650 0 7 |a Drug abuse prevention  |2 SNKPHeng  |9 100292 
650 0 7 |a Drug and narcotic control  |2 SNKPHeng  |9 266452 
650 0 7 |a boj proti drogám  |2 SNKPH  |9 13915 
650 0 7 |a protidrogová politika  |2 SNKPH  |9 68534 
655 7 |a monografie  |2 SNKPH  |9 70139 
655 7 |a Monographs  |2 SNKPHeng  |9 120675 
700 1 |a Holendová, Renáta  |4 aut  |9 647486 
919 |a 978-80-8075-260-6 
958 |a NB 
958 |a MI 
958 |a OND 
968 |d 61 
999 |c 1000490  |d 1002420 
952 |a SNK  |b SNK  |y PREZ  |7 0  |p 17A0589554  |o snkSC 132051  |i snk2008/10991  |8 0  |0 0  |1 0  |4 0  |d 2008-05-22  |f 1  |l 0  |r 2025-06-23 00:00:00  |w 2026-02-24 
952 |a SNK  |b SNK  |y VYP  |7 0  |p 17A0589553  |o snkSC 132051 D1  |i snk2008/10992  |8 0  |3 Niektoré strany v knihe sú podčiarknuté ceruzkou  |0 0  |1 0  |4 0  |d 2008-05-22  |l 0  |r 2026-02-24 12:17:51  |w 2026-02-24